Redwall Villains - Statistics

General Stats
  • This quiz has been taken 26 times
  • The average score is 18 of 41
Answer Stats
Book Villain % Correct
Redwall Cluny the Scourge
100%
Mattimeo Slagar the Cruel
100%
Mossflower Tsarmina Greeneyes
92%
Redwall Asmodeus Poisonteeth
85%
Martin the Warrior Badrang the Tyrant
77%
Mariel of Redwall Gabool the Wild
77%
Salamandastron Ferahgo the Assassin
69%
Outcast of Redwall Swartt Sixclaw
69%
Pearls of Lutra Ublaz Mad Eyes
62%
Mattimeo General Ironbeak
54%
Rakkety Tam Gulo the Savage
54%
Taggerung Gruven Zann
46%
Marlfox King Mokkan
46%
Salamandastron Klitch
46%
Taggerung Sawney Rath
46%
Lord Brocktree Ungatt Trunn
46%
Mariel of Redwall Greypatch
38%
Mattimeo Malkariss
38%
Triss Princess Kurda
38%
Marlfox Queen Silth
38%
The Bellmaker Urgan Nagru
38%
The Legend of Luke Vilu Daskar
38%
The Sable Quean Zwilt the Shade
38%
The Long Patrol Damug Warfang
31%
Pearls of Lutra Lask Frildur
31%
The Sable Quean Quean Vilaya
31%
Marlfox Queen Lantur
31%
Loamhedge Raga Bol
31%
The Rogue Crew Razzid Wearat
31%
Taggerung Vallug Bowbeast
31%
Taggerung Eefera
23%
Eulalia! Gruntan Kurdly
23%
Doomwyte Korvus Skurr
23%
Triss Plugg Firetail
23%
Pearls of Lutra Rasconza
23%
High Rhulain Riggu Felis
23%
Taggerung Ruggan Bor
23%
Eulalia! Vizka Longtooth
23%
Loamhedge Badredd
15%
Triss King Agarnu
15%
High Rhulain Pitru
15%
No matching quizzes found
Score Distribution
Percent of People with Each Score
Percentile by Number Answered
Your Score History
You have not taken this quiz